Testimonios Noviembre 1985

El documento contiene : Caso 1 Héctor Gómez Calito Caso 2 Rosario Godoy de Cuevas Caso 3 Walter Gramajo Maldonado y Miguel A. Gramajo Gramajo Caso 4 Luis F. de la Roca Elías

Đã lưu trong:
Chi tiết về thư mục
Tác giả của công ty: Comisión de Derechos Humanos de Guatemala (CDHG)
Định dạng: Sách
Ngôn ngữ:Spanish
Được phát hành: Guatemala CDHG 1985
Những chủ đề:
Các nhãn: Thêm thẻ
Không có thẻ, Là người đầu tiên thẻ bản ghi này!

MARC

LEADER 00000nam a22000007a 4500
003 cru IIS
005 20220511150803.0
008 220511b1985 gt ||||| |||| 00| 0 spa d
040 |b cru IIS 
090 |a 04.02.01 C733t 
110 1 |9 10427  |a Comisión de Derechos Humanos de Guatemala (CDHG) 
245 1 |a Testimonios  |b Noviembre 1985  |c Comisión de Derechos Humanos de Guatemala (CDHG) 
260 |a Guatemala  |b CDHG  |c 1985 
300 |a 23 páginas 
520 3 |a El documento contiene : Caso 1 Héctor Gómez Calito Caso 2 Rosario Godoy de Cuevas Caso 3 Walter Gramajo Maldonado y Miguel A. Gramajo Gramajo Caso 4 Luis F. de la Roca Elías 
650 0 0 |0 TESAUROS  |9 7386  |a VIOLACION A LOS DERECHOS HUMANOS  
650 0 0 |9 844  |a DESAPARECIDOS  |0 TESAUROS 
650 0 0 |9 844  |a DESAPARECIDOS  |0 TESAUROS 
650 0 0 |9 7975  |a DEFENSA  |0 TESAUROS 
650 0 0 |9 38  |a DERECHOS HUMANOS  |0 TESAUROS 
942 |2 z  |c LI 
999 |c 44230  |d 44230